Poeta griego arcaico /
Na minha lista:
| Autor principal: | |
|---|---|
| Formato: | Livro |
| Idioma: | espanhol |
| Publicado em: |
México :
Sexto Piso,
2024, c2024
|
| Colecção: | (Poesía Sexto Piso)
|
| Assuntos: | |
| Tags: |
Sem tags, seja o primeiro a adicionar uma tag!
|
MARC
| LEADER | 00000nam^a2200000^a^4500 | ||
|---|---|---|---|
| 001 | 000628646 | ||
| 005 | 20260219000000.0 | ||
| 009 | 20260310134117.423 | ||
| 020 | |a 978-607-8895-78-6 | ||
| 037 | |a Acervo ITESO - Biblioteca | ||
| 041 | |a ESP | ||
| 082 | |a 861. |b FAB | ||
| 100 | |a Fabre, Luis Felipe |e (autor) | ||
| 245 | 1 | 0 | |a Poeta griego arcaico / |c L.F. Fabre. |
| 264 | 4 | |a México : |b Sexto Piso, |c 2024, c2024 | |
| 300 | |a 114 p. | ||
| 336 | |a texto |b txt |2 rdacontenido | ||
| 337 | |a sin mediación |b n |2 rdamedio | ||
| 338 | |a volumen |b nc |2 rdasoporte | ||
| 440 | 1 | |a (Poesía Sexto Piso) | |
| 521 | |a FIL 2025 DIA | ||
| 649 | |a XX | ||
| 650 | |a Poesía Mexicana | ||
| 650 | |a Literatura Mexicana - |y Siglo XXI | ||
| 650 | |a Deseo en la Literatura | ||
| 650 | |a Amor en la Literatura | ||
| 650 | |a Mitología Griega | ||
| 650 | |a Mitología Clásica | ||
| 910 | |a Fondo General | ||
| 920 | |a Impresos - Libros | ||
| 930 | |a Colección General | ||
| 940 | |a Literatura | ||
| 905 | |a 101 | ||
| 901 | |a 628646-10 |b IT1 |c LIT |i C192534 |u 20260219 | ||
| 902 | |a https://opac.biblio.iteso.mx/vufind/Record/000628646 | ||